000 00894nam a2200277 a 4500
001 000011095
003 DO-SdBNP
005 20240412074223.0
007 ta
008 091014s1996 dr r 000 p spa d
040 _aDO-SdBNP
_bspa
_cBNPHU
082 _aRD861.44
_bS211m
_222
100 1 _aSánchez, Enrriquillo
_d1947-
_926591
245 1 0 _aMemoria del azar /
_cEnriquillo Sánchez; presentación Eligio Bisonó B.
260 _aSanto Domingo :
_bBanreservas,
_c1996.
300 _a233 p. ;
_c23 cm.
490 1 _aBanreserva
_aliteratura
_v2
500 _aIncluye datos biográficos del autor en las solapaso
590 _aInventariado, 2018/BT
650 0 _aPoesía dominicana
_966
650 0 _aLiteratura dominicana.
_967
700 1 _aBisonó B., Eligio
_919694
830 0 _aBanreserva.
_pliteratura
_n2
_926592
910 _aValidado. Control de calidad. MFF
942 _2ddc
_cLBS1
999 _c10820
_d10820